| 000 | 00752nam a2200205Ia 4500 | ||
|---|---|---|---|
| 001 | 1730 | ||
| 003 | GE_BSU | ||
| 008 | 181216s||||||||xx |||||||||||||| ||und|| | ||
| 040 | _cGE_BSU | ||
| 080 | _a81,367.6(09) | ||
| 100 | _aფოცხიშვილი, ალ. | ||
| 245 | _aნარკვევები მეტყველების ნაწილთა კლასიფიკაციის ისტორიიდან.I. | ||
| 260 | _aთბილისი | ||
| 260 | _bთბილისის სახ. უნ–ტის | ||
| 260 | _c1960 | ||
| 300 | _a177 გვ. 20სმ. | ||
| 541 | _h7 ლ. | ||
| 653 | _aმეტყველების ნაწილთა კლასიფიკაცია | ||
| 942 | _cBK | ||
| 999 |
_c35839 _d35839 |
||